Score 0/32 Timer 04:00
0 Plays Today
Hint 4-Letter Word % Correct
They go 'moo'COWS
96.5%
A place to swimPOOL
96.3%
● Worn by a superhero ●CAPE
96.2%
MurderKILL
95.9%
● Worn by a Scotsman ●KILT
95.6%
They make arrestsCOPS
95.5%
Swallowable medicinePILL
95.5%
AudiocasetteTAPE
94.4%
Bathroom floor, oftenTILE
93.7%
StoryTALE
93.5%
SurveyPOLL
93.2%
Shape of a party hatCONE
93.2%
JumpsHOPS
92.6%
SlantTILT
92.4%
● Worn by a CEO ●SUIT
91.8%
Opposite of 'lame'COOL
91.7%
Hint 4-Letter Word % Correct
SolitaryLONE
91.5%
Garden toolsHOES
91.1%
Singing togetherDUET
90.5%
'He who can, ____'DOES
90%
● Worn by a monk ●COWL
89.6%
EncryptionCODE
89.4%
A green jediYODA
88.6%
What you have to payDUES
87.4%
Part of the brainLOBE
87.2%
Downward dog, e.g.YOGA
87.1%
● Worn by Caesar ●TOGA
86.6%
● Worn by a wizard ●ROBE
86.4%
Fatty bird feedSUET
85.2%
Concluding sectionCODA
83.7%
Carry onCOPE
83.1%
Length of twisted fibersROPE
83%

Today's Daily Dose

You're not logged in!

Compare scores with friends on all Sporcle quizzes.
OR
Log In

Sporcle TV

Today on Sporcle TV


Watch our educational content, quiz creation guides, and fun videos on Sporcle TV.

Show Comments

Extras

Top Quizzes Today


Score Distribution

Paid Content

Your Account Isn't Verified!

In order to create a playlist on Sporcle, you need to verify the email address you used during registration. Go to your Sporcle Settings to finish the process.

Report this User

Report this user for behavior that violates our Community Guidelines.

Details: